Pokémon - Equipes des champions 3G (Rubis/Saphir) - Statistiques

Statistiques générales
  • Ce quiz a été pris 1 375 fois
  • Le résultat moyen est 39 sur 50
Statistiques - réponses
Hint Réponse % Correct
Roxanne Racaillou
96%
Norman Monaflémit
95%
Monaflémit
95%
Tarinor
95%
Lévy & Tatia Solaroc
94%
Séléroc
93%
Vigoroth
92%
Métalosse
91%
Altaria
90%
Altaria
90%
Chartor
89%
Drattak
88%
Makuhita
88%
Voltère Magneti
87%
Magnéton
87%
Alizée Heledelle
86%
Oniglali
85%
Oniglali
85%
Voltorbe
85%
Bastien Machoc
84%
Airmure
83%
Pierre Rochard Airmure
83%
Kaimorse
82%
Milobellus
82%
Branette
81%
Branette
81%
Adriane Limagma
80%
Limagma
80%
Spectra Téraclope
80%
Téraclope
80%
Libégon
76%
Libégon
76%
Phogleur
74%
Glacia Phogleur
74%
Phogleur
74%
Vacilys
74%
Armaldo
73%
Galeking
70%
Ténéfix
68%
Bekipan
67%
Aragon Drackhaus
67%
Damien Grahyena
67%
Absol
66%
Tengalice
66%
Marc Lovdisc
63%
Barbicha
59%
Cacturne
59%
Sharpedo
57%
Kaorine
52%
Poissoroy
31%
Aucun quiz correspondant
Distribution des résultats
% des personnes avec chaque résultat
Percentile par nombre de réponses
Votre historique - résultats
Vous n’avez pas pris ce quiz